000 00751cam a2200229 4500
001 2817
005 20181127165842.0
008 111122s2011 bt a 000 0 eng
010 _a 2011351054
020 _a9789993686408
043 _aaz-----
111 2 _aSAARC Summit
_n(16th :
_d2010 :
_cThimphu, Bhutan)
245 1 0 _aSixteenth SAARC Summit :
_b2010 Bhutan
246 1 7 _aBhutan Sixteenth SAARC Summit, 2010
246 3 _a16th SAARC Summit
246 3 0 _aSAARC Summit
260 _aThimphu :
_bResearch & Analysis House,
_c2011.
300 _a137 p. :
_bcol. ill. ;
_c29 cm.
610 2 0 _aSouth Asian Association for Regional Cooperation
_vCongresses.
651 0 _aSouth Asia
_vCongresses.
710 2 _aResearch & Analysis House (Thimphu, Bhutan)
999 _c2257
_d2257